00732cam a2200229 a 4500008004100000020002200041050001600063100001700079245008100096260004200177300006300219504004100282500002000323650002700343650004000370650002300410650002700433700001500460003000100475005001700476040000900493  a0750650516 (hbk.)00aTH7960bSIM1 aSimons, R.H.10aLighting engineering :bapplied calculations /cR. H. Simons and A. R. Bean. aOxford :bArchitectural Press,c2001. aix, 518 p., + leaf of plates :bill. (some col.) ;c25 cm. aIncludes bibliographical references. aIncludes index. 0aLightingxMathematics. 0aLight sourcesxMathematical models. 0aElectric lighting. 0aMathematicsxFormulae.1 aBean, A.R.20230123134330.0 cNUST